000 00599nam a2200205Ii 4500
001 10200
003 CO-ViMGA
008 241108s9999||||xx |||||||||||||| ||und||
040 _aCO-ViMGA
_bspa
_erda
_cCO-ViMGA
041 0 _aunk
082 0 4 _a863-E77
100 1 _aVicente Espinel
_957203
245 1 0 _aVida de Marcos de Obregón
264 1 _a[Lugar de publicación no identificado] : Espasa Calpe, 1951
300 _avolumen
336 _atext
_btxt
_2rdacontent
337 _aunmediated
_bn
_2rdamedia
338 _avolume
_bnc
_2rdacarrier
940 _aidficha_siabuc: 9971. -- ficha_no_siabuc:10200
999 _c55518
_d55518